[Event "Stay Safe Play From Home 328"]
[Site "Mustafa Kemal Atatürk"]
[Date "2020.07.24"]
[Round "3"]
[White "Lamborghini"]
[Black "BrainThinker22"]
[Result "0-1"]
[WhiteElo "2196"]
[BlackElo "2401"]
[Annotator "NA"]
[PlyCount "144"]
[EventDate "2020.07.24"]
[EventType "swiss (blitz)"]

1. e4 {[%emt 0:00:02]} d5 {[%emt 0:00:00]} 2. exd5 {[%emt 0:00:01]} Qxd5 {[%emt 0:00:00]} 3. Nc3 {[%emt 0:00:00]} Qd6 {[%emt 0:00:00]} 4. d3 {[%emt 0:00:00]} Nf6 {[%emt 0:00:00]} 5. Be3 {[%emt 0:00:01]} a6 {[%emt 0:00:01]} 6. Qd2 {[%emt 0:00:00]} Nc6 {[%emt 0:00:00]} 7. O-O-O {[%emt 0:00:02]} Bf5 {[%emt 0:00:00]} 8. f3 {[%emt 0:00:01]} e6 {[%emt 0:00:01]} 9. Ne4 {[%emt 0:00:01]} Bxe4 {[%emt 0:00:01]} 10. d4 {[%emt 0:00:01]} Bg6 {[%emt 0:00:01]} 11. h4 {[%emt 0:00:01]} h6 {[%emt 0:00:01]} 12. Bf4 {[%emt 0:00:01]} Qd7 {[%emt 0:00:01]} 13. h5 {[%emt 0:00:01]} Nxh5 {[%emt 0:00:01]} 14. Bh2 {[%emt 0:00:02]} Bd6 {[%emt 0:00:02]} 15. d5 {[%emt 0:00:00]} Bxh2 {[%emt 0:00:01]} 16. dxc6 {[%emt 0:00:01]} Qxd2+ {[%emt 0:00:02]} 17. Rxd2 {[%emt 0:00:00]} Bxg1 {[%emt 0:00:00]} 18. cxb7 {[%emt 0:00:01]} Rb8 {[%emt 0:00:01]} 19. Rxg1 {[%emt 0:00:02]} Rxb7 {[%emt 0:00:02]} 20. Bxa6 {[%emt 0:00:00]} Rb6 {[%emt 0:00:01]} 21. Bc4 {[%emt 0:00:00]} O-O {[%emt 0:00:01]} 22. a4 {[%emt 0:00:00]} Rc6 {[%emt 0:00:01]} 23. b3 {[%emt 0:00:01]} Nf4 {[%emt 0:00:03]} 24. Kb2 {[%emt 0:00:02]} Nd5 {[%emt 0:00:02]} 25. a5 {[%emt 0:00:01]} Nb4 {[%emt 0:00:02]} 26. Ra1 {[%emt 0:00:03]} Na6 {[%emt 0:00:01]} 27. Bxa6 {[%emt 0:00:01]} Rxa6 {[%emt 0:00:01]} 28. b4 {[%emt 0:00:00]} Rb8 {[%emt 0:00:01]} 29. c3 {[%emt 0:00:01]} c5 {[%emt 0:00:01]} 30. Kb3 {[%emt 0:00:00]} cxb4 {[%emt 0:00:01]} 31. cxb4 {[%emt 0:00:01]} f6 {[%emt 0:00:03]} 32. Ka4 {[%emt 0:00:05]} Be8+ {[%emt 0:00:02]} 33. Kb3 {[%emt 0:00:01]} Kf7 {[%emt 0:00:02]} 34. Rc2 {[%emt 0:00:01]} Rb7 {[%emt 0:00:02]} 35. Rc5 {[%emt 0:00:01]} Rb5 {[%emt 0:00:02]} 36. Rxb5 {[%emt 0:00:05]} Bxb5 {[%emt 0:00:00]} 37. Rc1 {[%emt 0:00:01]} Ke7 {[%emt 0:00:03]} 38. g3 {[%emt 0:00:01]} g5 {[%emt 0:00:01]} 39. Rc5 {[%emt 0:00:01]} Bd7 {[%emt 0:00:01]} 40. Rc7 {[%emt 0:00:02]} Kd6 {[%emt 0:00:01]} 41. Rc1 {[%emt 0:00:01]} Bc6 {[%emt 0:00:00]} 42. Rd1+ {[%emt 0:00:00]} Kc7 {[%emt 0:00:00]} 43. Kc4 {[%emt 0:00:00]} Bd5+ {[%emt 0:00:01]} 44. Kc5 {[%emt 0:00:01]} Rc6+ {[%emt 0:00:00]} 45. Kd4 {[%emt 0:00:01]} Rd6 {[%emt 0:00:01]} 46. Ke3 {[%emt 0:00:00]} Bc6 {[%emt 0:00:00]} 47. Rc1 {[%emt 0:00:00]} e5 {[%emt 0:00:00]} 48. b5 {[%emt 0:00:00]} f5 {[%emt 0:00:01]} 49. f4 {[%emt 0:00:01]} exf4+ {[%emt 0:00:01]} 50. gxf4 {[%emt 0:00:00]} g4 {[%emt 0:00:00]} 51. a6 {[%emt 0:00:02]} Kb6 {[%emt 0:00:01]} 52. Rxc6+ {[%emt 0:00:00]} Rxc6 {[%emt 0:00:00]} 53. a7 {[%emt 0:00:00]} Kxa7 {[%emt 0:00:01]} 54. bxc6 {[%emt 0:00:01]} Kb6 {[%emt 0:00:00]} 55. Kd4 {[%emt 0:00:00]} Kc7 {[%emt 0:00:00]} 56. Ke5 {[%emt 0:00:00]} g3 {[%emt 0:00:01]} 57. Kxf5 {[%emt 0:00:00]} g2 {[%emt 0:00:01]} 58. Ke6 {[%emt 0:00:00]} g1=Q {[%emt 0:00:00]} 59. f5 {[%emt 0:00:00]} Qc5 {[%emt 0:00:02]} 60. f6 {[%emt 0:00:00]} Qxc6+ {[%emt 0:00:00]} 61. Kf7 {[%emt 0:00:01]} Qd7+ {[%emt 0:00:00]} 62. Kg6 {[%emt 0:00:00]} Qd6 {[%emt 0:00:00]} 63. Kxh6 {[%emt 0:00:01]} Qxf6+ {[%emt 0:00:00]} 64. Kh7 {[%emt 0:00:01]} Qd6 {[%emt 0:00:00]} 65. Kg8 {[%emt 0:00:00]} Qc5 {[%emt 0:00:00]} 66. Kf7 {[%emt 0:00:00]} Kc6 {[%emt 0:00:00]} 67. Ke6 {[%emt 0:00:00]} Qd5+ {[%emt 0:00:00]} 68. Ke7 {[%emt 0:00:00]} Kc5 {[%emt 0:00:00]} 69. Ke8 {[%emt 0:00:00]} Kd4 {[%emt 0:00:00]} 70. Ke7 {[%emt 0:00:01]} Qe4+ {[%emt 0:00:00]} 71. Kf8 {[%emt 0:00:00]} Ke3 {[%emt 0:00:00]} 72. Kg7 {[%emt 0:00:00]} Qf4 {[%emt 0:00:00] Zeit (Lag: Av=0.38s, max=0.8s)} 0-1

[Event "Stay Safe Play From Home 328"]
[Site "Mustafa Kemal Atatürk"]
[Date "2020.07.24"]
[Round "3"]
[White "SoulofWolf"]
[Black "Padmaesh M K"]
[Result "1-0"]
[WhiteElo "2160"]
[BlackElo "1739"]
[PlyCount "66"]
[EventDate "2020.07.24"]
[EventType "swiss (blitz)"]

1. d4 {[%emt 0:00:01]} Nf6 {[%emt 0:00:01]} 2. Nf3 {[%emt 0:00:00]} c5 {[%emt 0:00:01]} 3. d5 {[%emt 0:00:01]} d6 {[%emt 0:00:01]} 4. c4 {[%emt 0:00:00]} g6 {[%emt 0:00:01]} 5. Nc3 {[%emt 0:00:00]} Bg7 {[%emt 0:00:00]} 6. g3 {[%emt 0:00:00]} O-O {[%emt 0:00:00]} 7. Bg2 {[%emt 0:00:00]} Nbd7 {[%emt 0:00:02]} 8. O-O {[%emt 0:00:01]} Ne8 {[%emt 0:00:02]} 9. e4 {[%emt 0:00:00]} Ne5 {[%emt 0:00:01]} 10. Nxe5 {[%emt 0:00:01]} Bxe5 {[%emt 0:00:02]} 11. Qd3 {[%emt 0:00:01]} Nf6 {[%emt 0:00:01]} 12. f4 {[%emt 0:00:01]} Bd4+ {[%emt 0:00:02]} 13. Kh1 {[%emt 0:00:02]} Ng4 {[%emt 0:00:01]} 14. Qf3 {[%emt 0:00:02]} Qa5 {[%emt 0:00:06]} 15. h3 {[%emt 0:00:01]} Nf6 {[%emt 0:00:04]} 16. Bd2 {[%emt 0:00:01]} Qc7 {[%emt 0:00:03]} 17. Nb5 {[%emt 0:00:04]} Qd8 {[%emt 0:00:01]} 18. Nxd4 {[%emt 0:00:01]} cxd4 {[%emt 0:00:00]} 19. e5 {[%emt 0:00:02]} dxe5 {[%emt 0:00:01]} 20. fxe5 {[%emt 0:00:00]} Nd7 {[%emt 0:00:02]} 21. Rae1 {[%emt 0:00:03]} Qc7 {[%emt 0:00:04]} 22. b3 {[%emt 0:00:01]} Nxe5 {[%emt 0:00:02]} 23. Qf4 {[%emt 0:00:00]} f6 {[%emt 0:00:03]} 24. Qxd4 {[%emt 0:00:01]} Nd7 {[%emt 0:00:03]} 25. Bf4 {[%emt 0:00:01]} Ne5 {[%emt 0:00:01]} 26. Bxe5 {[%emt 0:00:06]} fxe5 {[%emt 0:00:00]} 27. Rxf8+ {[%emt 0:00:01]} Kxf8 {[%emt 0:00:01]} 28. Rxe5 {[%emt 0:00:00]} Bf5 {[%emt 0:00:01]} 29. g4 {[%emt 0:00:01]} Bd7 {[%emt 0:00:01]} 30. Qf4+ {[%emt 0:00:03]} Kg7 {[%emt 0:00:01]} 31. Rxe7+ {[%emt 0:00:01]} Kg8 {[%emt 0:00:04]} 32. Qxc7 {[%emt 0:00:01]} Rf8 {[%emt 0:00:01]} 33. Qxd7 {[%emt 0:00:01]} Rf1+ {[%emt 0:00:00] Padmaesh M K resigns (Lag: Av=0.52s, max=2.1s)} 1-0

[Event "Stay Safe Play From Home 328"]
[Site "Mustafa Kemal Atatürk"]
[Date "2020.07.24"]
[Round "3"]
[White "SelamiSahin"]
[Black "Oznog"]
[Result "1-0"]
[WhiteElo "2069"]
[BlackElo "1765"]
[Annotator "NA"]
[PlyCount "49"]
[EventDate "2020.07.24"]
[EventType "swiss (blitz)"]

1. d4 {[%emt 0:00:01]} c5 {[%emt 0:00:01]} 2. d5 {[%emt 0:00:01]} d6 {[%emt 0:00:01]} 3. c4 {[%emt 0:00:01]} Nf6 {[%emt 0:00:00]} 4. Nc3 {[%emt 0:00:00]} g6 {[%emt 0:00:00]} 5. e4 {[%emt 0:00:00]} e6 {[%emt 0:00:00]} 6. Bd3 {[%emt 0:00:00]} exd5 {[%emt 0:00:00]} 7. exd5 {[%emt 0:00:00]} Bg7 {[%emt 0:00:01]} 8. Nf3 {[%emt 0:00:01]} O-O {[%emt 0:00:00]} 9. O-O {[%emt 0:00:00]} Bg4 {[%emt 0:00:00]} 10. h3 {[%emt 0:00:00]} Bxf3 {[%emt 0:00:01]} 11. Qxf3 {[%emt 0:00:00]} Re8 {[%emt 0:00:00]} 12. Bg5 {[%emt 0:00:01]} a6 {[%emt 0:00:01]} 13. Rfe1 {[%emt 0:00:01]} Rxe1+ {[%emt 0:00:02]} 14. Rxe1 {[%emt 0:00:00]} Nbd7 {[%emt 0:00:01]} 15. Ne4 {[%emt 0:00:01]} Qe7 {[%emt 0:00:06]} 16. Kf1 {[%emt 0:00:02]} Re8 {[%emt 0:00:07]} 17. Nxf6+ {[%emt 0:00:01]} Bxf6 {[%emt 0:00:07]} 18. Rxe7 {[%emt 0:00:00]} Bxe7 {[%emt 0:00:02]} 19. Bxe7 {[%emt 0:00:01]} Rxe7 {[%emt 0:00:00]} 20. b3 {[%emt 0:00:03]} Ne5 {[%emt 0:00:01]} 21. Qg3 {[%emt 0:00:00]} f5 {[%emt 0:00:02]} 22. Bc2 {[%emt 0:00:02]} Kf7 {[%emt 0:00:01]} 23. f4 {[%emt 0:00:01]} Nd7 {[%emt 0:00:03]} 24. Qh4 {[%emt 0:00:01]} Kg7 {[%emt 0:00:02]} 25. Qxe7+ {[%emt 0:00:01] Oznog resigns (Lag: Av=0.61s, max=0.9s)} 1-0

[Event "Stay Safe Play From Home 328"]
[Site "Mustafa Kemal Atatürk"]
[Date "2020.07.24"]
[Round "3"]
[White "Stefanone"]
[Black "Lazieri3"]
[Result "0-1"]
[WhiteElo "2016"]
[BlackElo "2096"]
[Annotator "NA"]
[PlyCount "66"]
[EventDate "2020.07.24"]
[EventType "swiss (blitz)"]

1. d3 {[%emt 0:00:01]} c6 {[%emt 0:00:00]} 2. g3 {[%emt 0:00:00]} d5 {[%emt 0:00:00]} 3. Bg2 {[%emt 0:00:00]} Nf6 {[%emt 0:00:00]} 4. Nc3 {[%emt 0:00:00]} Bf5 {[%emt 0:00:00]} 5. f4 {[%emt 0:00:01]} h6 {[%emt 0:00:01]} 6. Nf3 {[%emt 0:00:01]} Qc8 {[%emt 0:00:01]} 7. h3 {[%emt 0:00:02]} e6 {[%emt 0:00:02]} 8. g4 {[%emt 0:00:00]} Bh7 {[%emt 0:00:01]} 9. O-O {[%emt 0:00:01]} Nbd7 {[%emt 0:00:01]} 10. e4 {[%emt 0:00:01]} Bc5+ {[%emt 0:00:01]} 11. Kh2 {[%emt 0:00:01]} Bb6 {[%emt 0:00:01]} 12. f5 {[%emt 0:00:01]} dxe4 {[%emt 0:00:01]} 13. dxe4 {[%emt 0:00:02]} exf5 {[%emt 0:00:01]} 14. exf5 {[%emt 0:00:01]} O-O {[%emt 0:00:00]} 15. Bf4 {[%emt 0:00:01]} Bc7 {[%emt 0:00:02]} 16. Bxc7 {[%emt 0:00:02]} Qxc7+ {[%emt 0:00:00]} 17. Kg1 {[%emt 0:00:00]} Rfe8 {[%emt 0:00:01]} 18. Qd2 {[%emt 0:00:01]} Qb6+ {[%emt 0:00:01]} 19. Qf2 {[%emt 0:00:01]} Qxb2 {[%emt 0:00:01]} 20. Na4 {[%emt 0:00:01]} Qa3 {[%emt 0:00:03]} 21. Nc5 {[%emt 0:00:07] Stefanone reconnected.} Qxc5 {[%emt 0:00:03]} 22. Qxc5 {[%emt 0:00:00]} Nxc5 {[%emt 0:00:00]} 23. Rab1 {[%emt 0:00:01]} b6 {[%emt 0:00:01]} 24. c3 {[%emt 0:00:02]} Nfe4 {[%emt 0:00:02]} 25. Nd4 {[%emt 0:00:01]} Nd2 {[%emt 0:00:01]} 26. Bxc6 {[%emt 0:00:02]} Nxb1 {[%emt 0:00:01]} 27. Bxe8 {[%emt 0:00:01]} Nxc3 {[%emt 0:00:03]} 28. Bc6 {[%emt 0:00:03]} Rd8 {[%emt 0:00:02]} 29. Nf3 {[%emt 0:00:02]} f6 {[%emt 0:00:02]} 30. Nh4 {[%emt 0:00:01]} Kh8 {[%emt 0:00:01]} 31. Rc1 {[%emt 0:00:01]} Ne2+ {[%emt 0:00:02]} 32. Kf2 {[%emt 0:00:01]} Nxc1 {[%emt 0:00:00]} 33. Nf3 {[%emt 0:00:01]} N1d3+ {[%emt 0:00:01] Stefanone abbandona (Lag: Av=0.77s, max=2.6s)} 0-1

[Event "Stay Safe Play From Home 328"]
[Site "Mustafa Kemal Atatürk"]
[Date "2020.07.24"]
[Round "3"]
[White "Greblha"]
[Black "Trotsky"]
[Result "1-0"]
[WhiteElo "1918"]
[BlackElo "1617"]
[Annotator "NA"]
[PlyCount "63"]
[EventDate "2020.07.24"]
[EventType "swiss (blitz)"]

1. e4 {[%emt 0:00:01]} c5 {[%emt 0:00:23]} 2. Nc3 {[%emt 0:00:01]} e6 {[%emt 0:00:00]} 3. g3 {[%emt 0:00:01]} d5 {[%emt 0:00:01]} 4. exd5 {[%emt 0:00:02]} exd5 {[%emt 0:00:01]} 5. Nf3 {[%emt 0:00:01]} Be6 {[%emt 0:00:01]} 6. d4 {[%emt 0:00:01]} Nc6 {[%emt 0:00:01]} 7. Bg2 {[%emt 0:00:02]} c4 {[%emt 0:00:02]} 8. O-O {[%emt 0:00:01]} a6 {[%emt 0:00:00]} 9. Bf4 {[%emt 0:00:02]} Bd6 {[%emt 0:00:02]} 10. Bxd6 {[%emt 0:00:01]} Qxd6 {[%emt 0:00:01]} 11. Re1 {[%emt 0:00:00]} Nf6 {[%emt 0:00:01]} 12. Ne5 {[%emt 0:00:02]} O-O-O {[%emt 0:00:01]} 13. Nxc6 {[%emt 0:00:01]} bxc6 {[%emt 0:00:01]} 14. Ne2 {[%emt 0:00:02]} Ng4 {[%emt 0:00:01]} 15. Nf4 {[%emt 0:00:02]} h5 {[%emt 0:00:01]} 16. c3 {[%emt 0:00:01]} g5 {[%emt 0:00:01]} 17. Nxe6 {[%emt 0:00:01]} fxe6 {[%emt 0:00:01]} 18. Qe2 {[%emt 0:00:02]} Rde8 {[%emt 0:00:02]} 19. h3 {[%emt 0:00:01]} h4 {[%emt 0:00:02]} 20. hxg4 {[%emt 0:00:03]} hxg3 {[%emt 0:00:01]} 21. Qe5 {[%emt 0:00:01]} Qf8 {[%emt 0:00:02]} 22. fxg3 {[%emt 0:00:03]} Qh6 {[%emt 0:00:06]} 23. Qd6 {[%emt 0:00:12] .} Qh2+ {[%emt 0:00:02]} 24. Kf2 {[%emt 0:00:01]} Rhf8+ {[%emt 0:00:01]} 25. Ke2 {[%emt 0:00:03]} Qxg2+ {[%emt 0:00:01]} 26. Kd1 {[%emt 0:00:01]} Rf1 {[%emt 0:00:02]} 27. Qxc6+ {[%emt 0:00:01]} Kd8 {[%emt 0:00:01]} 28. Qd6+ {[%emt 0:00:01]} Kc8 {[%emt 0:00:01]} 29. Qc5+ {[%emt 0:00:01]} Kd8 {[%emt 0:00:01]} 30. Qb6+ {[%emt 0:00:02]} Ke7 {[%emt 0:00:01]} 31. Qc7+ {[%emt 0:00:01]} Kf8 {[%emt 0:00:01]} 32. Qe5 {[%emt 0:00:01] Âðåìÿ (Lag: Av=0.27s, max=0.9s)} 1-0

[Event "Stay Safe Play From Home 328"]
[Site "Mustafa Kemal Atatürk"]
[Date "2020.07.24"]
[Round "3"]
[White "NeatFox"]
[Black "Capaeuwekhine"]
[Result "1-0"]
[WhiteElo "1871"]
[BlackElo "1659"]
[Annotator "NA"]
[PlyCount "57"]
[EventDate "2020.07.24"]
[EventType "swiss (blitz)"]

1. g4 {[%emt 0:00:01]} c6 {[%emt 0:00:01]} 2. Bg2 {[%emt 0:00:00]} d5 {[%emt 0:00:01]} 3. c4 {[%emt 0:00:00]} Bxg4 {[%emt 0:00:01]} 4. cxd5 {[%emt 0:00:00]} cxd5 {[%emt 0:00:01]} 5. Qb3 {[%emt 0:00:00]} Bc8 {[%emt 0:00:01]} 6. Bxd5 {[%emt 0:00:01]} e6 {[%emt 0:00:01]} 7. Bxb7 {[%emt 0:00:01]} Bxb7 {[%emt 0:00:03]} 8. Qxb7 {[%emt 0:00:00]} Nd7 {[%emt 0:00:01]} 9. Nc3 {[%emt 0:00:00]} Rb8 {[%emt 0:00:01]} 10. Qxa7 {[%emt 0:00:01]} Ngf6 {[%emt 0:00:01]} 11. Qa4 {[%emt 0:00:01]} Bc5 {[%emt 0:00:01]} 12. Nf3 {[%emt 0:00:01]} Ng4 {[%emt 0:00:01]} 13. d4 {[%emt 0:00:01]} Bd6 {[%emt 0:00:02]} 14. h3 {[%emt 0:00:01]} Ngf6 {[%emt 0:00:02]} 15. Rg1 {[%emt 0:00:01]} O-O {[%emt 0:00:01]} 16. Bh6 {[%emt 0:00:01]} g6 {[%emt 0:00:02]} 17. Bxf8 {[%emt 0:00:02]} Bxf8 {[%emt 0:00:01]} 18. Ne5 {[%emt 0:00:02]} Rxb2 {[%emt 0:00:03]} 19. Nxd7 {[%emt 0:00:01]} Nxd7 {[%emt 0:00:01]} 20. Ne4 {[%emt 0:00:00]} Bg7 {[%emt 0:00:03]} 21. e3 {[%emt 0:00:02]} Qb6 {[%emt 0:00:02]} 22. Kf1 {[%emt 0:00:02]} Qb7 {[%emt 0:00:02]} 23. Nd6 {[%emt 0:00:04]} Qf3 {[%emt 0:00:02]} 24. Rg2 {[%emt 0:00:02]} Qxh3 {[%emt 0:00:02]} 25. Kg1 {[%emt 0:00:02]} Qf3 {[%emt 0:00:03]} 26. Qxd7 {[%emt 0:00:03]} h5 {[%emt 0:00:02]} 27. Qe8+ {[%emt 0:00:01]} Kh7 {[%emt 0:00:01]} 28. Qxf7 {[%emt 0:00:02]} Rd2 {[%emt 0:00:03]} 29. Qxf3 {[%emt 0:00:01] Capaeuwekhine rinde (Lag: Av=0.59s, max=1.0s)} 1-0

[Event "Stay Safe Play From Home 328"]
[Site "Mustafa Kemal Atatürk"]
[Date "2020.07.24"]
[Round "3"]
[White "Justwatch"]
[Black "Klasman"]
[Result "1-0"]
[WhiteElo "1686"]
[BlackElo "1347"]
[Annotator "NA"]
[PlyCount "55"]
[EventDate "2020.07.24"]
[EventType "swiss (blitz)"]

1. e3 {[%emt 0:00:01]} f5 {[%emt 0:00:02]} 2. d4 {[%emt 0:00:00]} Nf6 {[%emt 0:00:01]} 3. Nf3 {[%emt 0:00:00]} e6 {[%emt 0:00:01]} 4. Nc3 {[%emt 0:00:00]} d5 {[%emt 0:00:01]} 5. Bb5+ {[%emt 0:00:01]} Bd7 {[%emt 0:00:03]} 6. Ba4 {[%emt 0:00:00]} c5 {[%emt 0:00:04]} 7. Bxd7+ {[%emt 0:00:03]} Nbxd7 {[%emt 0:00:02]} 8. dxc5 {[%emt 0:00:00]} Bxc5 {[%emt 0:00:02]} 9. O-O {[%emt 0:00:00]} O-O {[%emt 0:00:02]} 10. Bd2 {[%emt 0:00:01]} e5 {[%emt 0:00:02]} 11. Ne2 {[%emt 0:00:01]} e4 {[%emt 0:00:03]} 12. Nfd4 {[%emt 0:00:00]} Ng4 {[%emt 0:00:04]} 13. Nxf5 {[%emt 0:00:02]} Rxf5 {[%emt 0:00:03]} 14. h3 {[%emt 0:00:01]} Ngf6 {[%emt 0:00:05]} 15. Nf4 {[%emt 0:00:00]} Rxf4 {[%emt 0:00:01]} 16. exf4 {[%emt 0:00:01]} Qe8 {[%emt 0:00:04]} 17. Bc3 {[%emt 0:00:01]} Qf7 {[%emt 0:00:03]} 18. a3 {[%emt 0:00:02]} Nb6 {[%emt 0:00:02]} 19. Ba5 {[%emt 0:00:02]} Nh5 {[%emt 0:00:03]} 20. Bxb6 {[%emt 0:00:06]} Bxb6 {[%emt 0:00:02]} 21. Qg4 {[%emt 0:00:01]} Nxf4 {[%emt 0:00:02]} 22. Rad1 {[%emt 0:00:02]} Rf8 {[%emt 0:00:02]} 23. b3 {[%emt 0:00:03]} Bxf2+ {[%emt 0:00:01]} 24. Rxf2 {[%emt 0:00:02]} Nxh3+ {[%emt 0:00:01]} 25. Qxh3 {[%emt 0:00:01]} Qxf2+ {[%emt 0:00:01]} 26. Kh2 {[%emt 0:00:00]} Qf4+ {[%emt 0:00:01]} 27. Qg3 {[%emt 0:00:02]} Qxg3+ {[%emt 0:00:02]} 28. Kxg3 {[%emt 0:00:00] Time (Lag: Av=0.47s, max=0.8s)} 1-0

[Event "Stay Safe Play From Home 328"]
[Site "Mustafa Kemal Atatürk"]
[Date "2020.07.24"]
[Round "3"]
[White "Edmatuag"]
[Black "Meini"]
[Result "1-0"]
[WhiteElo "1649"]
[BlackElo "1510"]
[Annotator "NA"]
[PlyCount "65"]
[EventDate "2020.07.24"]
[EventType "swiss (blitz)"]

1. e4 {[%emt 0:00:02]} c6 {[%emt 0:00:01]} 2. Nf3 {[%emt 0:00:01]} d5 {[%emt 0:00:01]} 3. e5 {[%emt 0:00:02]} Bg4 {[%emt 0:00:03]} 4. d4 {[%emt 0:00:00]} e6 {[%emt 0:00:01]} 5. Bd3 {[%emt 0:00:01]} c5 {[%emt 0:00:03]} 6. c3 {[%emt 0:00:01]} Nc6 {[%emt 0:00:01]} 7. Be3 {[%emt 0:00:01]} Qb6 {[%emt 0:00:01]} 8. Qb3 {[%emt 0:00:02]} cxd4 {[%emt 0:00:04]} 9. cxd4 {[%emt 0:00:04]} Qxb3 {[%emt 0:00:04]} 10. axb3 {[%emt 0:00:00]} a6 {[%emt 0:00:01]} 11. Nc3 {[%emt 0:00:01]} Bb4 {[%emt 0:00:04]} 12. O-O {[%emt 0:00:02]} Nge7 {[%emt 0:00:02]} 13. Ng5 {[%emt 0:00:02]} Bf5 {[%emt 0:00:02]} 14. Bxf5 {[%emt 0:00:06]} Nxf5 {[%emt 0:00:01]} 15. Rfd1 {[%emt 0:00:05]} Rc8 {[%emt 0:00:02]} 16. Rac1 {[%emt 0:00:01]} O-O {[%emt 0:00:02]} 17. g4 {[%emt 0:00:03]} Nxe3 {[%emt 0:00:04]} 18. fxe3 {[%emt 0:00:00]} h6 {[%emt 0:00:01]} 19. Nf3 {[%emt 0:00:01]} Na5 {[%emt 0:00:02]} 20. Nd2 {[%emt 0:00:01]} Bxc3 {[%emt 0:00:02]} 21. Rxc3 {[%emt 0:00:03]} Rc6 {[%emt 0:00:03]} 22. Rdc1 {[%emt 0:00:01]} Rfc8 {[%emt 0:00:02]} 23. b4 {[%emt 0:00:01]} Rxc3 {[%emt 0:00:03]} 24. Rxc3 {[%emt 0:00:01]} Rxc3 {[%emt 0:00:02]} 25. bxc3 {[%emt 0:00:00]} Nc4 {[%emt 0:00:02]} 26. Nxc4 {[%emt 0:00:01]} dxc4 {[%emt 0:00:00]} 27. e4 {[%emt 0:00:01]} b6 {[%emt 0:00:01]} 28. d5 {[%emt 0:00:01]} exd5 {[%emt 0:00:01]} 29. exd5 {[%emt 0:00:01]} Kf8 {[%emt 0:00:00]} 30. Kf2 {[%emt 0:00:01]} Ke7 {[%emt 0:00:00]} 31. Ke3 {[%emt 0:00:01]} Kd7 {[%emt 0:00:00]} 32. Kd4 {[%emt 0:00:02]} a5 {[%emt 0:00:04]} 33. bxa5 {[%emt 0:00:02] Zeit (Lag: Av=0.52s, max=1.0s)} 1-0

[Event "Stay Safe Play From Home 328"]
[Site "Mustafa Kemal Atatürk"]
[Date "2020.07.24"]
[Round "3"]
[White "W Nelles"]
[Black "Mandy"]
[Result "1-0"]
[WhiteElo "1119"]
[BlackElo "901"]
[Annotator "NA"]
[PlyCount "29"]
[EventDate "2020.07.24"]
[EventType "swiss (blitz)"]

1. e4 {[%emt 0:00:01]} c6 {[%emt 0:00:03]} 2. Nf3 {[%emt 0:00:01]} d5 {[%emt 0:00:02]} 3. exd5 {[%emt 0:00:01]} cxd5 {[%emt 0:00:01]} 4. c4 {[%emt 0:00:01]} Nf6 {[%emt 0:00:04]} 5. cxd5 {[%emt 0:00:02]} Nxd5 {[%emt 0:00:06]} 6. Nc3 {[%emt 0:00:01]} Bf5 {[%emt 0:00:05]} 7. Nd4 {[%emt 0:00:04]} Bd7 {[%emt 0:00:12]} 8. Nxd5 {[%emt 0:00:02]} e6 {[%emt 0:00:04]} 9. Nb4 {[%emt 0:00:03]} a5 {[%emt 0:00:03]} 10. Nd3 {[%emt 0:00:03]} b6 {[%emt 0:00:03]} 11. g3 {[%emt 0:00:03]} e5 {[%emt 0:00:02]} 12. Ne2 {[%emt 0:00:02]} e4 {[%emt 0:00:05]} 13. Ndf4 {[%emt 0:00:02]} Bc5 {[%emt 0:00:03]} 14. Nd5 {[%emt 0:00:02]} Bd4 {[%emt 0:00:05]} 15. Nef4 {[%emt 0:00:02] Zeit (Lag: Av=0.65s, max=0.8s)} 1-0

[Event "Stay Safe Play From Home 328"]
[Site "Mustafa Kemal Atatürk"]
[Date "2020.07.24"]
[Round "4"]
[White "BrainThinker22"]
[Black "Little champs"]
[Result "1-0"]
[WhiteElo "2409"]
[BlackElo "2345"]
[Annotator "NA"]
[PlyCount "37"]
[EventDate "2020.07.24"]
[EventType "swiss (blitz)"]

1. e4 {[%emt 0:00:01]} c6 {[%emt 0:00:01]} 2. Nc3 {[%emt 0:00:00]} d5 {[%emt 0:00:00]} 3. d4 {[%emt 0:00:00]} dxe4 {[%emt 0:00:01]} 4. Nxe4 {[%emt 0:00:00]} Nf6 {[%emt 0:00:00]} 5. Nxf6+ {[%emt 0:00:00]} exf6 {[%emt 0:00:01]} 6. c3 {[%emt 0:00:00]} Be7 {[%emt 0:00:00]} 7. Bd3 {[%emt 0:00:01]} O-O {[%emt 0:00:00]} 8. Ne2 {[%emt 0:00:00]} Be6 {[%emt 0:00:02]} 9. O-O {[%emt 0:00:00]} Nd7 {[%emt 0:00:00]} 10. h3 {[%emt 0:00:00]} c5 {[%emt 0:00:01]} 11. Nf4 {[%emt 0:00:02]} cxd4 {[%emt 0:00:01]} 12. cxd4 {[%emt 0:00:00]} Qb6 {[%emt 0:00:04]} 13. Re1 {[%emt 0:00:02]} Rfe8 {[%emt 0:00:00]} 14. Qh5 {[%emt 0:00:03]} g6 {[%emt 0:00:01]} 15. Nxg6 {[%emt 0:00:01]} fxg6 {[%emt 0:00:01]} 16. Bxg6 {[%emt 0:00:00]} hxg6 {[%emt 0:00:26]} 17. Qxg6+ {[%emt 0:00:00]} Kh8 {[%emt 0:00:00]} 18. Re4 {[%emt 0:00:03]} Nf8 {[%emt 0:00:01]} 19. Rh4+ {[%emt 0:00:02] Little champs resigns (Lag: Av=0.59s, max=0.8s)} 1-0